000 00610nam a2200241Ia 4500
003 OSt
005 20220928121958.0
006 a|||||r|||| 00| 0
007 ta
008 220927b |||||||| |||| 00| 0 eng d
024 _a36987
037 _cTextual
040 _aSDCL
_cSDCL
_beng
041 _2eng
_aeng
082 _aS:71, M2
100 _aAnastasi Anne
_9455245
245 0 _aPsychological testing.
250 _a5
260 _aNew York
_b MacMillan Publishing
_c1982
300 _axiii,784p.
_ccm.
942 _hS:71, M2
_cTEXL
_2CC
999 _c768909
_d768909